Sports Quiz

Random Sports or Auto Racing Quiz
Score 0/38 Timer 04:00
0 Plays Today
Race Name Driver % Correct
Daytona 500Matt Kenseth
90.5%
Auto Club 500Matt Kenseth
82.9%
Daytona Shootout *Not a Points Race*Kevin Harvick
77.2%
Shelby 527Kyle Busch
76.6%
Goody's Fast Pain Relief 500Jimmie Johnson
76.6%
Kobalt Tools 500Kurt Busch
74.7%
Food City 500Kyle Busch
74.1%
Samsung 500Jeff Gordon
70.9%
Subway Fresh Fit 500Mark Martin
70.3%
Sprint All-Star Race *Not a Points Race*Tony Stewart
64.6%
Aaron's 499Brad Keselowski
63.3%
Crown Royal presents the Russ Friedman 400 Kyle Busch
62.7%
Southern 500 presented by GoDaddy.comMark Martin
62.7%
Allstate 400Jimmie Johnson
58.2%
Coke Zero 400Tony Stewart
57.6%
Pocono 500Tony Stewart
55.7%
Autism Speaks 400Jimmie Johnson
54.4%
Coca-Cola 600David Reutimann
52.5%
LifeLock 400Mark Martin
52.5%
Race Name Driver % Correct
Toyota/SaveMart 350Kasey Kahne
51.9%
Lenox Industrial Tools 301Joey Logano
50%
Heluva Good! at The GlenTony Stewart
49.4%
LifeLock.com 400Mark Martin
48.1%
Sharpie 500Kyle Busch
46.2%
Ford 400Denny Hamlin
44.9%
Sunoco Red Cross Pennsylvania 500Denny Hamlin
44.3%
Carfax 400Brian Vickers
43.7%
Chevy Rock & Roll 400Denny Hamlin
41.1%
AAA 400Jimmie Johnson
40.5%
NASCAR Banking 500 from Bank of AmericaJimmie Johnson
40.5%
Amp Energy 500Jamie McMurray
39.9%
Checker O'Reilly Auto Parts 500Jimmie Johnson
39.9%
Pepsi 500Jimmie Johnson
39.2%
Tums Fast Relief 500Denny Hamlin
39.2%
Sylvania 300Mark Martin
38.6%
Pep Boys Auto 500Kasey Kahne
37.3%
Dickies 500Kurt Busch
34.8%
Price Chopper 400Tony Stewart
31.6%
Come Together.
Have Fun.
All Virtual.
We all need to come together. Play Sporcle's virtual live trivia to have fun, connect with people, and get your trivia on. Join a live hosted trivia game for your favorite pub trivia experience done virtually. If a virtual private party is more your thing, go here for details.

You're not logged in!

Compare scores with friends on all Sporcle quizzes.
OR
Log In

Sporcle TV

Today on Sporcle TV


Watch our educational content, quiz creation guides, and fun videos on Sporcle TV.

Show Comments

Extras

Top Quizzes Today


Score Distribution

Paid Content

Your Account Isn't Verified!

In order to create a playlist on Sporcle, you need to verify the email address you used during registration. Go to your Sporcle Settings to finish the process.

Report this User

Report this user for behavior that violates our Community Guidelines.

Details: